Meranie kvality dielcov v automobilovom priemysle – stratégia merania a neistoty v meraní na súradnicových meracích strojoch

Salvato in:
Dettagli Bibliografici
Autore principale: Lenčeš, Ivan, 1985- (Autore)
Altri autori: Palenčár, Rudolf, 1949- (Relatore della tesi)
Natura: Manoscritto Libro
Lingua:slovacco
Pubblicazione: Bratislava : STU v Bratislave SjF, 2012
Soggetti:
Accesso online:VAIS
Tags: Aggiungi Tag
Nessun Tag, puoi essere il primo ad aggiungerne!!

MARC

LEADER 00000ntm a22000003a 4500
001 stu263649
005 20150617230223.3
008 130312s2012----xo------------------slo-d
040 |a STU  |b slo 
041 0 |a slo 
044 |a xo 
100 1 |a Lenčeš, Ivan,  |d 1985-  |4 aut  |u J0020  |U SjF Strojnícka fakulta  |T SjF Ústav automatizácie, merania a aplikovanej informatiky  |X 13152  |U J0020  |Y 802  |7 A000013152 
242 0 0 |a Quality measurement of parts in the automotive industry – measurement strategy and uncertainty of the measurements of coordinate measuring machines  |y eng 
245 1 |a Meranie kvality dielcov v automobilovom priemysle – stratégia merania a neistoty v meraní na súradnicových meracích strojoch 
260 |a Bratislava :  |b STU v Bratislave SjF,  |c 2012 
650 7 |a uncertainty  |2 estusub 
650 7 |a neistota v meraní  |2 stusub 
700 1 |a Palenčár, Rudolf,  |d 1949-  |4 ths  |u J0020  |U SjF Strojnícka fakulta  |T SjF Ústav automatizácie, merania a aplikovanej informatiky  |X 2375  |U J0020  |Y 802  |7 A000002375 
856 4 |a info a plný text  |u http://is.stuba.sk/zp/portal_zp.pl?podrobnosti=71390  |3 VAIS